000 00283nam a22001217a 4500
020 _a81-8388-310-9
082 _a000
_bSPI/W
100 _aSPIDER BOOKS
245 _aMY PRE-SCHOOL BOOK OF WILD ANIMALS
260 _aCHENNAI
_bSPIDER BOOKS
650 _aPICTURE BOOK
_zINDIA
942 _cBK
999 _c4676
_d4676